|
|
|
|
| LEADER |
00000nam0a2200000 4500 |
| 001 |
374616 |
| 005 |
20231102012651.0 |
| 035 |
|
|
|a (RuTPU)RU\TPU\retro\32050
|
| 035 |
|
|
|a RU\TPU\book\226002
|
| 090 |
|
|
|a 374616
|
| 100 |
|
|
|a 20221219d1989 k y0rusy50 ca
|
| 101 |
0 |
|
|a rus
|
| 102 |
|
|
|a RU
|
| 105 |
|
|
|a a z 001zy
|
| 200 |
1 |
|
|a Корабельные радиотехнические и автономные навигационные системы
|f Ленинградский электротехнический институт (ЛЭТИ) ; под ред. В. И. Винокурова
|
| 210 |
|
|
|a Ленинград
|c Изд-во ЛЭТИ
|d 1989
|
| 215 |
|
|
|a 92 с.
|c ил.
|
| 225 |
1 |
|
|a Известия Ленинградского электротехнического института (ЛЭТИ)
|v Вып. 412
|
| 320 |
|
|
|a Библиогр. в конце ст.
|
| 606 |
1 |
|
|a Радионавигационные приборы
|2 stltpush
|3 (RuTPU)RU\TPU\subj\22875
|9 47557
|
| 610 |
1 |
|
|a радиотехнические системы
|
| 610 |
1 |
|
|a автономные системы
|
| 610 |
1 |
|
|a навигационные системы
|
| 610 |
1 |
|
|a сигналы
|
| 610 |
1 |
|
|a обработка
|
| 610 |
1 |
|
|a свойства
|
| 675 |
|
|
|a 629.12.05
|v 3
|
| 702 |
|
1 |
|a Винокуров
|b В. И.
|4 340
|
| 712 |
0 |
2 |
|a Ленинградский электротехнический институт (ЛЭТИ)
|2 stltpush
|3 (RuTPU)RU\TPU\col\289
|
| 801 |
|
1 |
|a RU
|b 63413507
|c 20120123
|
| 801 |
|
2 |
|a RU
|b 63413507
|c 20221219
|g RCR
|
| 942 |
|
|
|c BK
|